| 000 | 00668nam a2200241Ia 4500 | ||
|---|---|---|---|
| 003 | OSt | ||
| 005 | 20220928104736.0 | ||
| 006 | a|||||r|||| 00| 0 | ||
| 007 | ta | ||
| 008 | 220927b |||||||| |||| 00| 0 eng d | ||
| 024 | _a68240 | ||
| 037 | _cTextual | ||
| 040 |
_aSDCL _cSDCL _beng |
||
| 041 |
_2eng _aeng |
||
| 082 | _aS:(G:7), P5 | ||
| 100 |
_aLangford Peter E _9411796 |
||
| 245 | 0 | _aVygotsky's developmental and educational psychology | |
| 260 |
_aSussex _bPsychology Press _c2005 |
||
| 300 |
_a301p _ccm. |
||
| 650 |
_aPsychology-Developmental _9411797 |
||
| 942 |
_hS:(G:7), P5 _cTEXL _2CC |
||
| 999 |
_c727502 _d727502 |
||